000
00315nam a22001457a 4500
003
SGT
020
_a
978-81-89986-01-3
082
_a
615.53
_b
D18N
100
_a
NISHTESWAR,K.
245
_a
DRAVYAGUNA SAMHITA
260
_a
VARANASI
_b
CHAUKHAMBA PUB
_c
2018
300
_a
902
650
_a
AYURVEDA
942
_2
ddc
_c
BK
999
_c
16769
_d
16769